We are all alike-- we are all different /
Kindergarten children describe the likenesses and differences among themselves.
| Corporate Author: | |
|---|---|
| Other Authors: | |
| Format: | Book |
| Language: | English |
| Published: |
New York :
Scholastic,
[1991]
|
| Series: | My first library.
Scholastic big books. |
| Subjects: |
MARC
| Tag | First Indicator | Second Indicator | Subfields |
|---|---|---|---|
| LEADER | 00000cam a2200000Ia 4500 | ||
| 001 | in00001709080 | ||
| 005 | 20151024171140.0 | ||
| 008 | 010226s1991 nyua j 000 0 eng d | ||
| 020 | |a 0590727605 (big book) | ||
| 035 | |a (OCoLC)ocm46323297 | ||
| 040 | |a TXI |c TXI |d UtOrBLW | ||
| 049 | |a TXAM | ||
| 090 | |a LC208 |b .W4 1991b | ||
| 245 | 0 | 0 | |a We are all alike-- we are all different / |c written and illustrated by the Cheltenham Elementary School kindergartners ; photographs by Laura Dwight. |
| 264 | 1 | |a New York : |b Scholastic, |c [1991] | |
| 264 | 4 | |c ©1991 | |
| 300 | |a 1 volume (unpaged) : |b color illustrations ; |c 48 cm. | ||
| 336 | |a text |b txt |2 rdacontent | ||
| 337 | |a unmediated |b n |2 rdamedia | ||
| 338 | |a volume |b nc |2 rdacarrier | ||
| 490 | 1 | |a My first library | |
| 490 | 1 | |a [Big book] | |
| 520 | |a Kindergarten children describe the likenesses and differences among themselves. | ||
| 650 | 0 | |a School children |v Juvenile literature. | |
| 650 | 0 | |a Multicultural education |v Juvenile literature. | |
| 650 | 0 | |a Readers (Primary) | |
| 650 | 0 | |a Oversize books |v Specimens. | |
| 650 | 1 | |a Individuality. | |
| 650 | 1 | |a Children's writings. | |
| 650 | 1 | |a Children's art. | |
| 650 | 1 | |a Oversize books. | |
| 700 | 1 | |a Dwight, Laura. | |
| 710 | 2 | |a Cheltenham Elementary School (Cheltenham, Pa.) | |
| 830 | 0 | |a My first library. | |
| 830 | 0 | |a Scholastic big books. | |
| 948 | |a cataloged |b h |c 2003/1/15 |e cmulkey |f 11:21:39 | ||
| 994 | |a E0 |b TXA | ||
| 999 | |a MARS | ||
| 999 | f | f | |s 738f99ce-0b9d-3d9c-9434-7f94bc7b9c50 |i 480581f4-36af-3be4-a429-3523d72451e1 |t 0 |
| 952 | f | f | |p normal |a Texas A&M University |b College Station |c Sterling C. Evans Library |d Evans: Curriculum Collection (4th floor) |t 0 |e LC208 .W4 1991b |f Oversize |h Library of Congress classification |i unmediated -- volume |m A14829757516 |
| 998 | f | f | |a LC208 .W4 1991b |t 0 |l Evans: Curriculum Collection (4th floor) |